International conference on tax performance of central government in India / (Record no. 169514)

MARC details
000 -LEADER
fixed length control field 00895nam a22002657a 4500
005 - DATE AND TIME OF LATEST TRANSACTION
control field 20191122111739.0
010 ## - LCCN (DPL NO)
LC control number ENG-126977
020 ## - INTERNATIONAL STANDARD BOOK NUMBER
International Standard Book Number 9789389146738
Terms of availability 680.00
035 ## - SYSTEM CONTROL NUMBER
System control number EN-110509
037 ## - SOURCE OF ACQUISITION
Source of stock number/acquisition DBAD/PUB
082 ## - DEWEY DECIMAL CLASSIFICATION NUMBER
Classification number 336.954
245 ## - TITLE STATEMENT
Title International conference on tax performance of central government in India /
Statement of responsibility, etc ed.by Mercy Henry ...[et al]
260 ## - PUBLICATION, DISTRIBUTION, ETC. (IMPRINT)
Place of publication, distribution, etc Tamil Nadu
Name of publisher, distributor, etc Shanlax Publications
Date of publication, distribution, etc 2019
270 ## - ADDRESS
Address 61, 66 T.P.K. Main Road
City Vasanta Nagar, Madurai
Postal code 625003
Telephone number 0452-4208765
Electronic mail address publisher@shanlaxpublication.com
300 ## - PHYSICAL DESCRIPTION
Extent 359p.
Dimensions 24cm(pbk)
500 ## - GENERAL NOTE
General note Includes references
700 ## - ADDED ENTRY--PERSONAL NAME
Personal name Henry, Mercy
700 ## - ADDED ENTRY--PERSONAL NAME
Personal name Asma, L.Noor
700 ## - ADDED ENTRY--PERSONAL NAME
Personal name A.Shunmuga Priya
700 ## - ADDED ENTRY--PERSONAL NAME
Personal name Jothi, R. Aruna
700 ## - ADDED ENTRY--PERSONAL NAME
Personal name Rahmath Ameena Begum
700 ## - ADDED ENTRY--PERSONAL NAME
Personal name Bellinta, A. Nesa Agnes
700 ## - ADDED ENTRY--PERSONAL NAME
Personal name Jeyaseli, Hepzibah Vinsyah
942 ## - ADDED ENTRY ELEMENTS (KOHA)
Source of classification or shelving scheme Dewey Decimal Classification
Item type English Books
Classification part 336.954
Call number suffix INT
Holdings
Withdrawn status Lost status Not for loan Collection code Home library Current library Date acquired Source of acquisition Cost, normal purchase price Full call number Barcode Copy number Cost, replacement price Koha item type
      Non-fiction Shahdara Branch Shahdara Branch 22/11/2019 DBAD/PUB 680.00 336.954 INT EN-110509 1 680.00 English Books

© Delhi Public Library
Hit Counter
free hit counter